Tímová práca v dizajne /

Uložené v:
Podrobná bibliografia
Hlavný autor: Turlíková, Zuzana, 1985- (Autor)
Ďalší autori: Paliatka, Peter, 1952- (Vedúci práce)
Médium: Rukopis Kniha
Jazyk:Slovak
Vydavateľské údaje: Bratislava 2017
Predmet:
On-line prístup:http://is.stuba.sk/zp/portal_zp.pl?podrobnosti=95441
Tagy: Pridať tag
Žiadne tagy, Buďte prvý, kto otaguje tento záznam!

MARC

LEADER 00000ntm a22000003a 4500
001 stuzp29858
003 SK-STU
005 20230317104212.3
007 ta
008 150427s2015----xo-----f-mn---000-0-slo-d
035 |a biblio/93743  |2 CREPC2 
040 |a STU  |b slo 
041 0 |a slo  |b eng 
044 |a xo 
100 1 |a Turlíková, Zuzana,  |d 1985-  |u 059190  |r Z2  |4 aut  |9 100  |U FAD Fakulta architektúry  |T FA Ústav dizajnu  |X 15859  |U A9190  |Y 400  |7 A000015859 
242 0 1 |a Teamwork in Design  |y eng 
245 1 0 |a Tímová práca v dizajne /  |c aut. Zuzana Turlíková ; škol. Peter Paliatka 
260 |c 2017  |a Bratislava 
300 |a 147 s. 
650 4 |a tím  |2 slo 
650 4 |a tímová práca  |2 slo 
650 4 |a dizajn  |2 slo 
650 4 |a verejný priestor  |2 slo 
650 4 |a metodika  |2 slo 
650 4 |a Tímové projektovanie  |2 slo 
650 4 |a teamwork  |2 eng 
650 4 |a design  |2 eng 
650 4 |a team  |2 eng 
650 4 |a public space  |2 eng 
650 4 |a methodics  |2 eng 
650 4 |a Teamwork in Design  |2 eng 
700 1 |a Paliatka, Peter,  |d 1952-  |u 059190  |k Z1  |4 ths  |U FAD Fakulta architektúry  |T FA Ústav dizajnu  |X 332  |U A9190  |Y 400  |7 A000000332 
856 4 |u http://is.stuba.sk/zp/portal_zp.pl?podrobnosti=95441  |u https://opac.crzp.sk/?fn=detailBiblioForm&sid=BEAFF42FBA401D6E6BE125351766 
996 |b 284AU07359  |c A* 10608/V  |l AAKNST  |s P  |a 0  |w stuzp29858_0001